Ako stavať rodinné domčeky

Bibliographic Details
Main Authors: Kintly, Belo, 1929-1997 (Author), Komloš, Karol, 1928-1997 (Author)
Format: Book
Language:Slovak
PhysicalDescription:75 s. fotogr., ilustr. 20 cm
Published: Martin Osveta 1957
Edition:[1. vyd.]
Series:Veda ľudu
Subjects:

MARC

LEADER 00000nam a2200000 a 4500
001 vtls009306324
003 SK-MaSNL
005 20260302043245.0
008 230501s1957 xo oa g f 000 0 slo
015 |a SNBA1957 
020 |q (brož.) 
035 |a urn:nbn:sk:snk-am00idqb 
035 |a DB4C0761-E260-4033-97E2-8AED44BFE4BA 
040 |a SNK  |b slo  |c SNK  |e AACR2 
041 0 |a slo 
044 |a xo  |c SK 
072 7 |a 69  |x Stavebníctvo  |2 konspekt 
080 |a 728.3  |2 2001 
080 |a 69:005.54  |2 2001 
080 |a 69.05  |2 2001 
080 |a 691  |2 2001 
080 |a (035)  |2 2001 
100 1 |a Kintly, Belo,  |d 1929-1997  |4 aut  |9 37022 
245 1 0 |a Ako stavať rodinné domčeky  |c Belo Kintly, Karol Komloš 
250 |a [1. vyd.] 
260 |a Martin  |b Osveta  |c 1957 
300 |a 75 s.  |b fotogr., ilustr.  |c 20 cm 
490 1 |a Veda ľudu. Séria 3  |v roč. 5, č. 38-40 
504 |a Bibliografia na s. 76 
650 0 7 |a rodinné domy  |2 SNKPH  |9 2984 
650 0 7 |a realizácia stavieb  |2 SNKPH  |9 89407 
650 0 7 |a stavebné práce  |2 SNKPH  |9 68050 
650 0 7 |a stavebné materiály  |2 SNKPH  |9 31817 
655 7 |a príručky  |2 SNKPH  |9 74364 
700 1 |a Komloš, Karol,  |d 1928-1997  |4 aut  |9 222642 
830 0 |a Veda ľudu  |9 303991 
852 |a Slovenská národná knižnica 
954 |a odborná, vedecká literatúra pôvodná (slovenská)  |2 lita 
958 |a OND 
958 |a EUIPO 
999 |c 1085973  |d 1087903 
952 |a SNK  |b SNK  |y PREZ  |7 0  |p 17A0592607  |o snkSC 42744  |i snkK 625/78  |8 3  |0 0  |1 0  |4 0  |d 2010-01-25  |f 1  |l 0  |r 2025-10-21 00:00:00  |w 2026-02-24 
952 |a SNK  |b SNK  |y VYP  |7 0  |p 17A0588882  |o snkSC 42744 D1  |i snkF 2949/79  |8 5  |0 0  |1 0  |4 0  |d 2008-06-24  |l 0  |r 2026-02-24 16:40:25  |w 2026-02-24